| 000 | 00341nam a22001337a 4500 | ||
|---|---|---|---|
| 999 |
_c54887 _d54887 |
||
| 008 | 190511b ||||| |||| 00| 0 eng d | ||
| 020 | _a9789951437721 | ||
| 041 | _aalb | ||
| 080 |
_22 _a658 |
||
| 100 | _a0-GL | ||
| 101 | _aLID | ||
| 245 |
_aLidershipi. Teori, Koncepte dhe Praktika _cKrasniqi, E & Kume, V and Mustafa, N |
||
| 942 |
_2udc _cBK |
||